Les départements qui gagnent et qui perdent le plus d'habitants - Statistiques

Statistiques générales
  • Ce quiz a été pris 95 fois
  • Le résultat moyen est 10 sur 20
Statistiques - réponses
Taux de variation Département % Correct
-0.6% Paris
80%
-0.6% Creuse
72%
1.2% Gironde
70%
1.2% Hérault
62%
1.2% Haute-Garonne
59%
0.9% Seine-Saint-Denis
59%
1.2% Loire-Atlantique
56%
2.1% Guyane
52%
-1% Martinique
51%
-0.7% Guadeloupe
49%
0.9% Ille-et-Vilaine
48%
-0.6% Ardennes
45%
-0.8% Haute-Marne
45%
-0.8% Meuse
45%
1% Corse du Sud
38%
1% Haute-Corse
37%
1.1% Haute-Savoie
37%
-0.6% Indre
34%
-0.9% Nièvre
33%
-0.5% Orne
28%
Aucun quiz correspondant
Distribution des résultats
% des personnes avec chaque résultat
Percentile par nombre de réponses
Votre historique - résultats
Vous n’avez pas pris ce quiz